00559nam a22001697a 450000500170000001000130001702000260003003500130005603700090006908200110007810000150008924500420010426000380014627001150018430000230029950000670032220211007110149.0 aB-741709 a9789353793111c450.00 aB-741709 aGift a881.08 aDharamdeep aM.E.G.-1,British Poetry /cDharamdeep a DelhibNeeraj Publicationsc202? a1507,Ist Floor,Nai Sarakb Delhie110006k011-23260329,45704411, 23244362, 23285501minfo@neerajignoubooks.com a356p. c24cm(pbk)  aI.G.N.O.U. Based Queation Bank Cum Chapterwise Reference Book